00383nam a22001337a 450000500170000002000230001703500130004003700130005310000200006624500730008626000480015930000230020770000190023020120511130418.0 a8176296678c700.00 aB-159304 aDPLbENG aDhingra, Navjot aTax reforms and administration /cby Navjot Dhingra and P.K. Chaubey aNew DelhibDeep and Deep Publicationsc2005 axv, 328p.c20 cms. aChaubey, P.K.